The girl guides

Bibliographic Details
Main Author: Soto, Carolyn
Format: Book
Published: London : Bison Books , 1987
Subjects:

MARC

LEADER 00000cam a2200000 7i4500
001 0000000131
002 000000183
005 20000330.0
020 |a 0948509759 
090 0 0 |a 369.463   |b SOT 
100 1 |a Soto, Carolyn 
245 1 4 |a The girl guides   |c Carolyn Soto 
260 |a London :   |b Bison Books ,   |c 1987 
300 |a 112p. :   |b ill. ;   |c 30cm. 
650 0 0 |a Girl scout 
650 0 0 |a Scouts and scouting 
999 |a 0008884   |b BUKU   |c PINJAMAN   |e PERPUSTAKAAN KOMUNITI PETALING JAYA